U.S. Agricultural Competitiveness Evidence from in Invention Data

Guardado en:
Detalles Bibliográficos
Autor principal: Evenson, Robert E.
Formato: Libro
Lenguaje:inglés
Publicado: New Haven Yale University 1989
Edición:1. ed.
Colección:Center Paper No.414
Etiquetas: Agregar Etiqueta
Sin Etiquetas, Sea el primero en etiquetar este registro!

MARC

LEADER 00000nam a2200000 4500
001 c040388
005 20221215114552.1
041 0 |a eng 
044 |a US 
245 1 0 |a U.S. Agricultural Competitiveness  |b Evidence from in Invention Data  |c Robert E. Evenson 
250 |a 1. ed. 
264 1 |a New Haven  |b Yale University  |c 1989 
300 |a S.173-208 
490 1 |a Center Paper  |v No.414 
830 0 |a Center Paper  |v No.414 
100 1 |a Evenson, Robert E.